000 00687nam a2200193 i 4500
001 149620
003 ES-MaACL
005 20250828000911.0
007 t|
008 071023s1943 sp ||||1| spa d
100 1 _aBraulio
_cSanto.
_931409
245 1 0 _aSancti Braulionis Caesaraugustani episcopi Vita S. Emiliani /
_cedición crítica por Luis Vázquez de Parga.
260 _aMadrid :
_bConsejo Superior de Investigaciones Científicas. Instituto Jerónimo Zurita,
_c1943.
300 _aXXVI, 40 p. ;
_c21 cm.
700 1 _aVázquez de Parga, Luis.
_9113422
710 2 _aInstituto Jerónimo Zurita
_95106
852 _aES-MaACL
_j1843-F-15
_bR.20664
999 _c149620
_d149620